| 000 | 01676nam a22004097a 4500 | ||
|---|---|---|---|
| 003 | CHAP | ||
| 005 | 20220329143620.0 | ||
| 008 | 101004s2009 mx a r 00010 spa d | ||
| 010 | _a99357 | ||
| 011 | _a100329 | ||
| 035 | _a111015 | ||
| 040 | _cCHAP | ||
| 090 | _aTesis | ||
| 100 | 1 |
_aOrtega Espinosa, Mayra Azucena _983793 |
|
| 245 | 1 | 0 |
_aOrganización autogestiva en el pequeño riego en el marco del derecho de aguas en Texcoco, Estado de México _c/por Mayra Azucena Ortega Espinosa |
| 260 |
_aChapingo, Méx. : _bEl autor, _c2009 |
||
| 300 |
_a138 h. : _bilus. |
||
| 502 | _aTesis (Ing. Agr. Esp. en Sociología Rural) -- UACH. Departamento de Sociología Rural | ||
| 530 | _atambièn disponible en lìnea | ||
| 590 |
_aALEPH _b10 _c20130110 _lUCH01 _h1536 |
||
| 590 |
_aBATCH-UPD _b10 _c20130110 _lUCH01 _h0852 |
||
| 590 |
_aBATCH-UPD _b10 _c20130410 _lUCH01 _h0524 |
||
| 590 |
_aBATCH-UPD _b10 _c20130914 _lUCH01 _h0110 |
||
| 590 |
_aBATCH-UPD _b10 _c20140324 _lUCH01 _h1519 |
||
| 590 |
_aCONVERSION _b10 _c20130109 _lUCH01 _h1355 |
||
| 650 | 1 | 4 |
_aAgua para irrigación _xMéxico (Edo.) _92439 |
| 650 | 1 | 4 |
_aAgua _xDistribucion _xMexico (Edo.) _92369 |
| 650 | 1 | 4 |
_aAgua _xLeyes. _92378 |
| 650 | 1 | 4 |
_aOrganización de productores. _983544 |
| 650 | 1 | 4 |
_aRecursos naturales _xAdministración _zMéxico (Edo.). _995181 |
| 650 | 1 | 4 |
_aSistemas de riego. _9106772 |
| 856 |
_3fiding aid _uhttp://www.ceres.chapingo.mx;2048/login?url=http:/10.13.5.2/tesis/111015.pdf _zTeclea aqui |
||
| 901 | _aBK | ||
| 942 | _cFOLL | ||
| 949 |
_aTesis _bBC _cTES _d33724002109892 _eTS2 _fc.2 _gDonaciØn _h51119 _i111015 _sb |
||
| 949 |
_aTesis _bBC _cTES _d33724002109934 _eTS1 _gDonaciØn _h51108 _i111015 _sb |
||
| 999 |
_c99357 _d99357 |
||